000 01844nam0a2200409 i 4500
001 RU\NLR\bibl\1941431
005 20260406130136.0
010 _a9785981879661
_91000
021 _aRU
_b2012-59096
_94335
035 _a(nilc)RSL-KNO-005479255
035 _a(NLR Aleph) 001930703
090 _a3431701
_c3431701
100 _a20120813d2012 k y0rusy50 ca
101 0 _arus
102 _aRU
105 _ay zzzz|||||
200 1 _aЛабиринт сцеплений
_dLe labyrinthe de connexions
_eпроблема оформления мысли словами в творчестве Л. Н. Толстого
_fК. Г. Алавердян
_zfre
210 _aСанкт-Петербург
_cНестор-История
_d2012
215 _a147, [2] с.
_d20
300 _aАвт. также на фр. яз.: Karine Alaverdian
320 _aБиблиогр. в подстроч. примеч.
320 _aУказ. имен: с. 147-148
510 1 _6z22790
_aLe labyrinthe de connexions
_zfre
600 1 _aТолстой
_bЛ.Н.
_f1828 - 1910
_gЛев Николаевич
_xТворческий метод
_91776737
_3RU\NLR\auth\661092898
686 _aШ5(2=Р)52-4Толстой Л.Н.457,0
_2rubbk
686 _aШ5(2=Р)52-4Толстой42
700 1 _4070
_8rus
_7ca
_aАлавердян
_bК. Г.
_gКарина Георгиевна
_3RU\NLR\auth\77115182
_998107
702 1 _4570
_8rus
_7ca
_aТолстой
_bЛ. Н.
_f1828-1910
_gЛев Николаевич
_3RU\NLR\auth\771515
_9111537
790 1 _4070
_8rus
_7ba
_aAlaverdjan
_bK. G.
_gKarina Georgievna
_3RU\NLR\auth\77115188
_998113
801 0 _aRU
_bRuMoRKP
_c20120813
_grcr
801 1 _aRU
_bРГБ
_c20120813
801 2 _aRU
_bNLR
_c20120904
_grcr
830 _aавт. по кн.
942 _cBOOK
980 _aNBR